| 000 | 00633nam a22002297a 4500 | ||
|---|---|---|---|
| 003 | dpl | ||
| 005 | 20180803163443.0 | ||
| 008 | 081020t xxu||||| |||| 00| 0 eng d | ||
| 010 | _aENG-84136 | ||
| 020 | _a8178271451 | ||
| 020 | _c650.00 (hb) | ||
| 035 | _aEN-67669, B-223784 | ||
| 040 | _c0 | ||
| 082 | _a331.1372 | ||
| 100 | _aPal, G C | ||
| 245 |
_aUnemployment: _bsocio-psychological perspectives / _cby G C Pal |
||
| 260 |
_aDelhi _bManak Publications |
||
| 260 | _c2006 | ||
| 300 |
_axiii,301p _c22cm |
||
| 500 | _aIncludes bibliographical references and index | ||
| 942 |
_2ddc _cEN _h331.1372 _mPAL |
||
| 999 |
_c17100 _d17100 |
||